Simultánne daňové kontroly ako nástroj zamedzenia internacionálnym daňovým únikom

Simultálnne daňové kontroly ako forma vzájomnej spolupráce, používanej v širokej škále medzinárodných problémov, umožňujúcej krajinám kooperovať pri preverovaní daní. Základné vymedzenie pojmu simultánnej daňovej kontroly. Transferové ocenenie a simultánne daňové kontroly. Minimalizácia súdnych spor...

Ausführliche Beschreibung

Gespeichert in:
Bibliographische Detailangaben
1. Verfasser: Burák, Emil
Format: Buchkapitel
Sprache:Slowakisch
Schlagworte:
Tags: Tag hinzufügen
Keine Tags, Fügen Sie das erste Tag hinzu!

MARC

LEADER 00000naa a2200000 4500
001 r033019
005 20230911132013.6
041 0 |a slo 
044 |a SK 
245 1 0 |a Simultánne daňové kontroly ako nástroj zamedzenia internacionálnym daňovým únikom  |c Emil Burák 
520 |a Simultálnne daňové kontroly ako forma vzájomnej spolupráce, používanej v širokej škále medzinárodných problémov, umožňujúcej krajinám kooperovať pri preverovaní daní. Základné vymedzenie pojmu simultánnej daňovej kontroly. Transferové ocenenie a simultánne daňové kontroly. Minimalizácia súdnych sporov a simultánne daňové kontroly. 
610 2 0 |a kontrola daňová 
610 2 0 |a únik daňový 
610 2 0 |a daňovníci 
610 2 0 |a zdanenie dvojité 
610 2 0 |a súdy 
610 2 0 |a oceňovanie 
610 2 0 |a Slovensko 
100 1 |a Burák, Emil